Intelligent monitoring of concrete structures (Record no. 108697)
[ view plain ]
| 000 -LEADER | |
|---|---|
| fixed length control field | 01625cam a22002415a 4500 |
| 001 - CONTROL NUMBER | |
| control field | L145128 |
| 008 - FIXED-LENGTH DATA ELEMENTS--GENERAL INFORMATION | |
| fixed length control field | 080909s2008 xxkdeo f 000 0 eng d |
| 020 ## - INTERNATIONAL STANDARD BOOK NUMBER | |
| International Standard Book Number | 9780860176619 |
| 035 ## - SYSTEM CONTROL NUMBER | |
| System control number | (Sirsi) u145128 |
| 041 0# - LANGUAGE CODE | |
| Language code of text/sound track or separate title | eng |
| 050 04 - LIBRARY OF CONGRESS CALL NUMBER | |
| Classification number | 690.2 $2 18 |
| 100 1# - MAIN ENTRY--PERSONAL NAME | |
| Personal name | Buenfeld, Nick |
| 245 00 - TITLE STATEMENT | |
| Title | Intelligent monitoring of concrete structures |
| 260 ## - PUBLICATION, DISTRIBUTION, ETC. | |
| Place of publication, distribution, etc. | London |
| Name of publisher, distributor, etc. | CIRIA |
| Date of publication, distribution, etc. | 2008 |
| 300 ## - PHYSICAL DESCRIPTION | |
| Extent | x, 116p. |
| Other physical details | ill. |
| Dimensions | 30cm. + |
| Accompanying material | 1 CD-ROM |
| 505 2# - FORMATTED CONTENTS NOTE | |
| Formatted contents note | Summary -- Acknowledgements -- Foreword -- List of figures -- List of tables -- Introduction -- The role of intelligent monitoring in the management of concrete structures -- Automated monitoring -- Predicting remaining life based on monitoring data -- Case studies -- Looking to the future -- References |
| 520 ## - SUMMARY, ETC. | |
| Summary, etc. | Reports a project from the Department for Trade and Industry (DTI). Aims to introduce the topic of intelligent monitoring and help users' access to the information provided by the DTI reports. Presents the automated monitoring of concrete structures. Explains that intelligent monitoring is helpful to the management of concrete structure, in allowing detection of deterioration processes and the rate at which they occur. Shows that it permits less expensive methods of rectification. Suggests that this type of monitoring helps to determine the remaining life of a component or a structure. Suggests that sensors can monitor structural condition, corrosion, the environment inside and outside the building. |
| 521 ## - TARGET AUDIENCE NOTE | |
| Target audience note | Advanced |
| 590 ## - LOCAL NOTE (RLIN) | |
| Local note | KA |
| 651 #4 - SUBJECT ADDED ENTRY--GEOGRAPHIC NAME | |
| Geographic name | England and Wales |
| Chronological subdivision | 1543- |
| 690 ## - LOCAL SUBJECT ADDED ENTRY--TOPICAL TERM (OCLC, RLIN) | |
| Topical term or geographic name as entry element | BUILT ENVIRONMENT-CONSTRUCTION DESIGN |
| 942 ## - ADDED ENTRY ELEMENTS (KOHA) | |
| Suppress in OPAC | 0 |
| Withdrawn status | Lost status | Damaged status | Not for loan | Home library | Current library | Shelving location | Date acquired | Total Checkouts | Full call number | Barcode | Date last seen | Copy number | Price effective from | Koha item type |
|---|---|---|---|---|---|---|---|---|---|---|---|---|---|---|
| London | London | Books | 09/09/2008 | CIRIA REPORTS | 30071257 | 22/05/2024 | 1 | 06/08/2019 | Book |